| Tag |
First Indicator |
Second Indicator |
Subfields |
| LEADER |
00000pam a2200000 4500 |
| 001 |
in00000490121 |
| 005 |
20151013052202.0 |
| 008 |
740509r1974 nyua b 00010 eng |
| 010 |
|
|
|a 74004700
|
| 020 |
|
|
|a 0405060637
|
| 035 |
|
|
|a (OCoLC)00914771
|
| 035 |
|
|
|9 ACB4461AM
|
| 040 |
|
|
|a DLC
|c DLC
|d TXA
|d UtOrBLW
|
| 049 |
|
|
|a TXAM
|c [1183584]
|
| 050 |
0 |
0 |
|a UG580
|b .W6 1974
|
| 082 |
0 |
|
|a 623.7/3/09
|
| 100 |
1 |
|
|a Woods, David L.
|
| 245 |
1 |
2 |
|a A history of tactical communication techniques /
|c by David L. Woods.
|
| 264 |
|
1 |
|a New York :
|b Arno Press,
|c 1974
|
| 264 |
|
4 |
|c [©1965]
|
| 300 |
|
|
|a xiii, 266 pages :
|b illustrations ;
|c 24 cm.
|
| 336 |
|
|
|a text
|b txt
|2 rdacontent
|
| 337 |
|
|
|a unmediated
|b n
|2 rdamedia
|
| 338 |
|
|
|a volume
|b nc
|2 rdacarrier
|
| 490 |
1 |
|
|a Telecommunications
|
| 500 |
|
|
|a Reprint of the edition published by Orlando Division, Martin Co., Martin-Marietta Corp., Orlando, Fla.
|
| 504 |
|
|
|a Bibliography: pages 261-266.
|
| 650 |
|
0 |
|a Signals and signaling
|x History.
|
| 650 |
|
0 |
|a Communications, Military
|x History.
|
| 740 |
0 |
|
|a Tactical communication techniques.
|
| 830 |
|
0 |
|a Telecommunications (New York, 1974-)
|
| 999 |
|
|
|a MARS
|
| 999 |
f |
f |
|s 894e0e8f-1a45-39f1-8312-f0f1f4cd3be4
|i 52aebdca-8a77-319d-a512-d0b8d60ea5e3
|t 0
|
| 952 |
f |
f |
|p ric
|a Texas A&M University
|b Rellis Campus
|c Joint Library Facility
|d Remote Storage
|t 0
|e UG580 .W6 1974
|h Library of Congress classification
|i unmediated -- volume
|m A14805703163
|
| 998 |
f |
f |
|a UG580 .W6 1974
|t 0
|l Remote Storage
|